| 000 | 00742nam a22002417a 4500 | ||
|---|---|---|---|
| 005 | 20220607152144.0 | ||
| 008 | 220607b ||||| |||| 00| 0 eng d | ||
| 040 | _cAL | ||
| 041 | _aEnglish | ||
| 082 |
_223 _a382.60954 _bIQBE |
||
| 100 |
_aSabiha Iqbal and others _940945 |
||
| 245 | _aExports Politics and Economic Develoment in Pakistan | ||
| 260 |
_aLahore _bVanguard Books _c1987 |
||
| 300 |
_a257 p. _bPB _c22x14 cm. |
||
| 365 |
_b₹100.00 _c₹ _d₹100.00 |
||
| 650 |
_aPressure groups--Pakistan _940946 |
||
| 650 |
_aExports--Pakistan _940947 |
||
| 650 |
_aPakistan--Commerce _940948 |
||
| 650 |
_aPakistan--Economic conditions _940949 |
||
| 700 |
_aIQBAL (Sabiha) _940950 |
||
| 700 |
_aADAMS (John) _940951 |
||
| 942 |
_2ddc _cGF |
||
| 999 |
_c223287 _d223287 |
||